000 00618nam a2200205Ia 4500
005 20250508153955.0
008 008 250505s9999 xx 000 0 eng d
037 _aBooks to be hide in OPAC
040 _aFEDL
_beng
_cFEDL
041 _aeng
_2eng
084 _a001.42, LAZ
_qFEDL
100 _aLazarsfeld Paul F
245 0 _aOrganizing educational research: An exploration
260 _aEnglewood Cliffs, New Jersey, USA
_bPrentice - Hall
_c1964
300 _aix,113p.
650 _aResearch Methods
700 _a Sieber Sam D
_9764784
942 _cHB
_h001.42, LAZ
999 _c1346731
_d1346731